000 00554nam a2200193 i 4500
001 60005
003 ES-MaACL
005 20230906164134.0
007 t|
008 031031s1971 sp ||||1| baq d
245 0 0 _aErlijioa hauzipean /
_cJoseba Arregi...[et al.].
260 _a[S.l. :
_bs.n.,
_c1971] (
_eOñate, Guipúzcoa :
_fAranzazu)
300 _a232 p. ;
_c19 cm.
490 1 _aJakin sorta ;
_v5
700 1 _aArregi, Joseba.
_923245
830 0 _aJakin sorta ;
_v5
_9184038
852 _aES-MaACL
_jC-53018
_bR.81181
999 _c60005
_d60005